| 000 | 00755nam a22002297a 4500 | ||
|---|---|---|---|
| 999 |
_c1517 _d1517 |
||
| 001 | 13749 | ||
| 003 | BD-DhUAP | ||
| 005 | 20200209122303.0 | ||
| 008 | 200209t1999 bg ad b 000 0 eng d | ||
| 040 |
_aBD-DhUAP _bEng _cBD-DhUAP _dBD-DhUAP |
||
| 082 | 0 | 0 |
_a343.095492 NIZ _223 |
| 100 | _aNizami, Muhammad Mazhar Hassan. | ||
| 245 | 1 | 4 |
_aThe code of criminal procedure with commentary / _cMuhammad Mazhar Hassan Nizami. |
| 260 |
_aPakistan : _bPLD publishers, _cc1999. |
||
| 300 |
_axxvi, 200 pages ; _c24 cm. |
||
| 504 | _aIncludes bibliographical references. | ||
| 526 | _aSOL | ||
| 650 | 0 |
_aCriminal Procedure _zBangladesh _929803 |
|
| 942 | 0 | 0 |
_2ddc _cBK |